00917nam a22002537a 450000500170000001000130001702000170003003500130004703700160006004000120007608200170008810000260010524500560013124600060018726000440019327000470023730000200028450000500030465000410035465000290039594200260042499900190045095201940046920170124105914.0 aA-367050 c00a19562310 aA-367050 bCen Lib/Ret aDPLbEN a338.642bTYA aTyabji, Nasir9107161 aSmal industries policy in india /cby Nasir Tayabji b  bOxford University Pressc1989aCulcutta bCulcuttaaP-17, mission extension e700013 a223p.c21cm(Hb) aincludes bibliographical references and index aDevelopment Policies zIndia9107162 aSmall Industries9107163 2ddccENh338.642mTYA c122695d122695 041040718REFaLbLd2015-05-29eCen Lib/Retg0.00l0o338.642 TYApA-367050r2015-05-29 00:00:00t1v0.00w2015-05-29yENzWritten off on approval by DLB (By Circulation); dtd 15-06-2023